000 00561 a2200181 4500
999 _c8481
_d8481
010 _aENG-88479
020 _a8178802538
_c600.00
035 _aEN-72012
037 _bDBAD / PUB
082 1 4 _a371.335
100 1 _aLaurence, James C.
245 1 _aImpact of digital technology on education/
_cby James C. Laurence
260 _aNew Delhi
_bRajat Publications
_c2006
270 _a4675/21, Ansari Road, Darya Ganj,
_bNew Delhi
_e110 002
300 _av, 281p.
_c22cm (Hb )
500 _aIncludes index
942 _adpl
_cEN
_2ddc
_h371.335
_mLAU